[Event "SV Horst-Emscher 1 - SF Essen-Katernber"]
[Site "Verbandsliga - Gr. 2 2019/202"]
[Date "2020.03.01"]
[Round "7.8"]
[White "Rebentisch, Sebastian"]
[Black "Riesenbeck, Juergen"]
[Result "1/2-1/2"]
[WhiteElo "1787"]
[BlackElo "1989"]
[PlyCount "33"]
[EventDate "2020.??.??"]
[WhiteTeam "SV Horst-Emscher 1"]
[BlackTeam "SF Essen-Katernberg  3"]

1. e4 e6 2. d4 d5 3. exd5 exd5 4. Bd3 Nc6 5. c3 Bd6 6. Ne2 Nge7 7. Bf4 Ng6 8.
Bxd6 Qxd6 9. O-O Bd7 10. Ng3 O-O-O 11. Nd2 Nf4 12. Bc2 h5 13. Qf3 g6 14. Ne2
Nxe2+ 15. Qxe2 Rde8 16. Qf3 Bg4 17. Qg3 1/2-1/2

[Event "SF Brackel 2 - Oberhausener SV 2"]
[Site "Verbandsliga - Gr. 2 2019/202"]
[Date "2020.03.01"]
[Round "7.1"]
[White "Joergens, Markus"]
[Black "Fiebig, Thomas"]
[Result "0-1"]
[WhiteElo "1991"]
[BlackElo "2430"]
[PlyCount "122"]
[EventDate "2020.??.??"]
[WhiteTeam "Oberhausener SV 2"]
[BlackTeam "SF Brackel 2"]

1. d4 d5 2. c4 e6 3. Nf3 Nf6 4. g3 Be7 5. Bg2 O-O 6. O-O b6 7. cxd5 exd5 8. Nc3
Bb7 9. Qa4 Qe8 10. Qb3 c6 11. Bf4 Nbd7 12. Rad1 Nh5 13. Bc1 f5 14. e4 fxe4 15.
Nxe4 h6 16. Rde1 Qf7 17. Nc3 Rae8 18. Qa4 Bd6 19. Rxe8 Rxe8 20. Qxa7 Rb8 21.
Qa4 b5 22. Qd1 b4 23. Na4 Nhf6 24. Nh4 Ne4 25. Qg4 Ndf6 26. Qg6 Ba6 27. Qxf7+
Kxf7 28. Re1 Bb5 29. b3 Bxa4 30. bxa4 Nc3 31. Bh3 Nfe4 32. Nf5 Bf8 33. f3 Ng5
34. Bxg5 hxg5 35. Ne3 Nxa2 36. Bd7 Rb6 37. Ng4 c5 38. Ne5+ Kg8 39. dxc5 Bxc5+
40. Kf1 Rd6 41. Bb5 Rf6 42. Kg2 Re6 43. Bd7 Re7 44. f4 gxf4 45. gxf4 Nc3 46. f5
Kh7 47. Be6 Rb7 48. Nd3 Bd4 49. Rf1 b3 50. Rf3 g5 51. f6 g4 52. Bxg4 b2 53. f7
Bg7 54. Bf5+ Kh6 55. Nc5 Rxf7 56. Rh3+ Kg5 57. Bc2 b1=Q 58. Rg3+ Kf6 59. Bxb1
Nxb1 60. Rf3+ Ke7 61. Rxf7+ Kxf7 0-1

[Event "SF Brackel 2 - Oberhausener SV 2"]
[Site "Verbandsliga - Gr. 2 2019/202"]
[Date "2020.03.01"]
[Round "7.2"]
[White "Albers, Damian"]
[Black "Weyh, Thomas"]
[Result "0-1"]
[WhiteElo "2051"]
[BlackElo "1993"]
[PlyCount "52"]
[EventDate "2020.??.??"]
[WhiteTeam "SF Brackel 2"]
[BlackTeam "Oberhausener SV 2"]

1. e4 e5 2. f4 exf4 3. Bc4 d5 4. Bxd5 Qh4+ 5. Kf1 Bd6 6. Nf3 Qh5 7. Nc3 Ne7 8.
d4 f6 9. Qe2 Nbc6 10. Bxc6+ Nxc6 11. Nd5 Bg4 12. c3 O-O-O 13. Nxf4 Bxf4 14.
Bxf4 Rhe8 15. Re1 f5 16. e5 g5 17. Bc1 f4 18. h4 Ne7 19. Kf2 gxh4 20. Qe4 Ng6
21. Bxf4 Rf8 22. g3 Bxf3 23. Qxf3 hxg3+ 24. Qxg3 Qf5 25. Ke3 Nxf4 26. Kd2 Rg8
0-1

[Event "SF Brackel 2 - Oberhausener SV 2"]
[Site "Verbandsliga - Gr. 2 2019/202"]
[Date "2020.03.01"]
[Round "7.3"]
[White "Krueger, André"]
[Black "Reisberg, Andre"]
[Result "1/2-1/2"]
[WhiteElo "1951"]
[BlackElo "2019"]
[PlyCount "126"]
[EventDate "2020.??.??"]
[WhiteTeam "Oberhausener SV 2"]
[BlackTeam "SF Brackel 2"]

1. d4 d5 2. Nf3 Nf6 3. g3 e6 4. Bg2 Be7 5. O-O O-O 6. c4 b6 7. Ne5 Bb7 8. Qa4
Nfd7 9. Nxd7 Nxd7 10. cxd5 exd5 11. Nc3 Nf6 12. Bf4 h6 13. Rfd1 g5 14. Bd2 Re8
15. b4 Bf8 16. Qb3 Bg7 17. e3 h5 18. a4 Qd7 19. a5 a6 20. b5 axb5 21. axb6 c6
22. Ne2 Qd8 23. Ba5 Nd7 24. Bf3 g4 25. Bg2 Bh6 26. Qc2 Qf6 27. Qd3 Ra6 28. Bb4
Nxb6 29. Rxa6 Bxa6 30. Ra1 Bc8 31. Bd2 Bf5 32. Qc3 Nc4 33. Ra6 Bc8 34. Ra8 Qf5
35. Ra1 Bd7 36. Bc1 Bf8 37. Nf4 Bd6 38. Nd3 Qg6 39. Ra2 Bf5 40. Nc5 Bxc5 41.
dxc5 Be4 42. Bf1 Ne5 43. Be2 Bf3 44. Bf1 h4 45. Bb2 Qe4 46. Qd4 hxg3 47. fxg3
Bh1 48. Qxe4 Bxe4 49. Ra6 Nf3+ 50. Kf2 Nxh2 51. Rxc6 d4 52. Rh6 Nxf1 53. Bxd4
f5 54. Rh8+ Kf7 55. Rxe8 Kxe8 56. Kxf1 Kd7 57. Ke2 b4 58. Kd2 Kc6 59. Kc1 Kb5
60. c6 Bxc6 61. Kb2 Kc4 62. Be5 Bd5 63. Bd6 Kd3 1/2-1/2

[Event "SF Brackel 2 - Oberhausener SV 2"]
[Site "Verbandsliga - Gr. 2 2019/202"]
[Date "2020.03.01"]
[Round "7.4"]
[White "Krueger, Sven"]
[Black "Gerst, Michael"]
[Result "0-1"]
[WhiteElo "1930"]
[BlackElo "1899"]
[PlyCount "80"]
[EventDate "2020.??.??"]
[WhiteTeam "SF Brackel 2"]
[BlackTeam "Oberhausener SV 2"]

1. e4 c5 2. Nf3 e6 3. d4 cxd4 4. Nxd4 a6 5. Bd3 Bc5 6. Nb3 Ba7 7. O-O Nc6 8.
Qe2 d6 9. Nc3 Nf6 10. Be3 O-O 11. Bxa7 Rxa7 12. f4 Qc7 13. Rae1 Nd7 14. Kh1 b5
15. a3 Ra8 16. Qf2 Bb7 17. Qh4 b4 18. e5 g6 19. Ne4 dxe5 20. Ng5 h5 21. axb4
Nxb4 22. fxe5 Nxd3 23. cxd3 Qc2 24. Qg3 Qxb3 25. Re2 Qd5 26. Ne4 Kg7 27. Nf6
Nxf6 28. exf6+ Kh7 29. Re5 Qxg2+ 30. Qxg2 Bxg2+ 31. Kxg2 Rab8 32. Rf2 Rfd8 33.
Ra5 Rb6 34. Rd2 Rdb8 35. Kg3 Rxb2 36. Rxb2 Rxb2 37. Rxa6 g5 38. Ra5 Kg6 39. h4
gxh4+ 40. Kxh4 Rb4+ 0-1

[Event "SF Brackel 2 - Oberhausener SV 2"]
[Site "Verbandsliga - Gr. 2 2019/202"]
[Date "2020.03.01"]
[Round "7.5"]
[White "Stefaniak, Christian"]
[Black "Mathe, Christian"]
[Result "1/2-1/2"]
[WhiteElo "1872"]
[BlackElo "1683"]
[PlyCount "30"]
[EventDate "2020.??.??"]
[WhiteTeam "Oberhausener SV 2"]
[BlackTeam "SF Brackel 2"]

1. e4 e5 2. Nf3 Nf6 3. Nc3 Nc6 4. d4 exd4 5. Nxd4 Bb4 6. Nxc6 bxc6 7. Bd3 O-O
8. O-O d5 9. exd5 cxd5 10. Bg5 c6 11. Ne2 Bd6 12. h3 h6 13. Bf4 Bxf4 14. Nxf4
Qd6 15. Qd2 Qe5 1/2-1/2

[Event "SF Brackel 2 - Oberhausener SV 2"]
[Site "Verbandsliga - Gr. 2 2019/202"]
[Date "2020.03.01"]
[Round "7.7"]
[White "Hombrecher, Kai"]
[Black "Boehm, Malte"]
[Result "0-1"]
[WhiteElo "1850"]
[BlackElo "1985"]
[PlyCount "62"]
[EventDate "2020.??.??"]
[WhiteTeam "Oberhausener SV 2"]
[BlackTeam "SF Brackel 2"]

1. Nf3 Nf6 2. g3 c5 3. Bg2 Nc6 4. O-O e5 5. d3 d5 6. c4 Be7 7. cxd5 Nxd5 8. Nc3
Be6 9. Ne4 O-O 10. Neg5 Bg4 11. Qa4 Nd4 12. Nxd4 exd4 13. Nf3 Be6 14. a3 a6 15.
Bd2 b5 16. Qd1 Rc8 17. a4 h6 18. axb5 axb5 19. Ra5 Qb6 20. Qa1 c4 21. dxc4 bxc4
22. Ne5 Qd6 23. Bf4 Nxf4 24. gxf4 Bf6 25. Rd1 Rfd8 26. Ra6 Qc5 27. Ra5 Qb6 28.
Ra6 Qb3 29. Nc6 Rd6 30. Na5 Qxd1+ 31. Qxd1 Rxa6 0-1

[Event "SF Brackel 2 - Oberhausener SV 2"]
[Site "Verbandsliga - Gr. 2 2019/202"]
[Date "2020.03.01"]
[Round "7.8"]
[White "Schultz, Bernfried"]
[Black "Kraus, Kilian"]
[Result "1-0"]
[WhiteElo "1708"]
[BlackElo "1803"]
[PlyCount "59"]
[EventDate "2020.??.??"]
[WhiteTeam "SF Brackel 2"]
[BlackTeam "Oberhausener SV 2"]

1. e4 c6 2. d4 d5 3. e5 c5 4. Nc3 Nc6 5. Be3 Nh6 6. Bxh6 gxh6 7. dxc5 e6 8. f4
Bxc5 9. Nf3 Qb6 10. Bb5 Bd7 11. Qe2 Be3 12. g3 O-O-O 13. Nd1 Qa5+ 14. c3 Bb6
15. a4 Bc7 16. b4 Nxb4 17. cxb4 Qxb4+ 18. Kf1 Ba5 19. Rc1+ Kb8 20. Bxd7 Rxd7
21. Qb5 Qe4 22. Kg2 Rc7 23. Nf2 Qe3 24. Rxc7 Bxc7 25. Rb1 Bb6 26. Ng4 Qc3 27.
Nf6 Qc2+ 28. Kh3 Qf5+ 29. Kh4 Ka8 30. a5 1-0

[Event "SV Bochum-Linden 1 - SV Recklinghausen-"]
[Site "Verbandsliga - Gr. 2 2019/202"]
[Date "2020.03.01"]
[Round "7.1"]
[White "Beckmann, Klaus"]
[Black "Schreck, Roland"]
[Result "1/2-1/2"]
[WhiteElo "2095"]
[BlackElo "2113"]
[PlyCount "120"]
[EventDate "2020.??.??"]
[WhiteTeam "SV Recklinghausen-Süd 1"]
[BlackTeam "SV Bochum-Linden 1"]

1. g3 Nf6 2. Bg2 c5 3. d3 Nc6 4. e4 d5 5. Nd2 dxe4 6. dxe4 e5 7. Ngf3 Be7 8.
O-O O-O 9. Re1 h6 10. c3 Be6 11. Bf1 Qc7 12. Nh4 Nh7 13. Nf5 Bxf5 14. exf5 Rad8
15. h4 Qd7 16. Qf3 Nf6 17. Bg2 Rfe8 18. Ne4 Qd3 19. Nxf6+ Bxf6 20. Qg4 e4 21.
Bf4 Qc2 22. Re2 Rd1+ 23. Kh2 Qd3 24. Rxe4 Rxe4 25. Qxd1 Qxd1 26. Rxd1 Re2 27.
Bxc6 bxc6 28. Rd2 Re8 29. Be3 Re5 30. Rd6 c4 31. Rxc6 Rb5 32. Rxc4 Rxb2 33. a4
a5 34. Kg2 Rc2 35. Kf3 h5 36. Ke4 Rxc3 37. Rxc3 Bxc3 38. Bd4 Be1 39. Kd5 Kf8
40. Kc6 f6 41. Kd7 Kf7 42. Bb6 g5 43. fxg6+ Kxg6 44. Ke6 Bc3 45. Bd8 f5 46. Bc7
Be1 47. f3 Bc3 48. Kd5 Be1 49. Kc4 Kf6 50. Kb5 Ke7 51. Ka6 Kd7 52. Bxa5 Bxg3
53. Kb7 Bxh4 54. Bb6 Be1 55. a5 Bxa5 56. Bxa5 Kd6 57. Bc7+ Kd5 58. Bf4 Kd4 59.
Kc6 Kd3 60. Kd5 Ke2 1/2-1/2

[Event "SV Bochum-Linden 1 - SV Recklinghausen-"]
[Site "Verbandsliga - Gr. 2 2019/202"]
[Date "2020.03.01"]
[Round "7.2"]
[White "Schaper, Steffen"]
[Black "Hoefker, Mathias"]
[Result "1/2-1/2"]
[WhiteElo "1980"]
[BlackElo "2102"]
[PlyCount "80"]
[EventDate "2020.??.??"]
[WhiteTeam "SV Bochum-Linden 1"]
[BlackTeam "SV Recklinghausen-Süd 1"]

1. e4 e6 2. d4 d5 3. exd5 exd5 4. c4 Nc6 5. Be3 Nf6 6. Nc3 Bb4 7. a3 Bxc3+ 8.
bxc3 O-O 9. h3 Re8 10. Nf3 Be6 11. c5 Ne4 12. Qc2 Ne7 13. Bd3 Ng6 14. O-O Bd7
15. c4 c6 16. Qb3 dxc4 17. Bxc4 Qf6 18. Qxb7 Bxh3 19. Qxf7+ Qxf7 20. Bxf7+ Kxf7
21. gxh3 Ke6 22. Rfb1 Rab8 23. Rb4 Rb5 24. Rxb5 cxb5 25. Kf1 Kd5 26. Ke2 Rf8
27. Rg1 a5 28. h4 Rf5 29. Ng5 Nf4+ 30. Bxf4 Rxf4 31. Nf3 Rf7 32. Ke3 Re7 33.
Kd3 Nxf2+ 34. Kd2 Ne4+ 35. Kd3 Nf2+ 36. Kd2 Ne4+ 37. Kd3 g6 38. Rb1 Nf2+ 39.
Kd2 Ne4+ 40. Kd3 Nf2+ 1/2-1/2

[Event "SV Bochum-Linden 1 - SV Recklinghausen-"]
[Site "Verbandsliga - Gr. 2 2019/202"]
[Date "2020.03.01"]
[Round "7.3"]
[White "Herud, Martin"]
[Black "Boehm, Ingo"]
[Result "0-1"]
[WhiteElo "2002"]
[BlackElo "2040"]
[PlyCount "136"]
[EventDate "2020.??.??"]
[WhiteTeam "SV Recklinghausen-Süd 1"]
[BlackTeam "SV Bochum-Linden 1"]

1. e4 g6 2. h4 Bg7 3. Nc3 c6 4. d4 d5 5. h5 dxe4 6. hxg6 hxg6 7. Rxh8 Bxh8 8.
Be3 Nf6 9. Qd2 Be6 10. O-O-O Nbd7 11. f3 exf3 12. Nxf3 Qa5 13. Kb1 Ne4 14. Qd3
Nxc3+ 15. Qxc3 Qxa2+ 16. Kc1 O-O-O 17. Ng5 Bd5 18. Qb4 f6 19. Nf3 e5 20. c4 Be4
21. Bd3 Bxd3 22. Rxd3 Nb6 23. Nd2 Qa4 24. Qc5 Qa1+ 25. Nb1 Qa6 26. Nd2 f5 27.
Ra3 Nd7 28. Qd6 Qb6 29. Qxg6 exd4 30. Bf4 d3 31. Rxd3 Qxb2+ 32. Kd1 Qa1+ 33.
Ke2 Qf6 34. Qh7 Qg7 35. Qxf5 Qxg2+ 36. Kd1 Qg1+ 37. Kc2 Qg7 38. Ne4 Qb2+ 39.
Kd1 Qb1+ 40. Ke2 Qc2+ 41. Ke3 Qc1+ 42. Kf2 Qb2+ 43. Kf3 Be5 44. Rxd7 Rxd7 45.
Bxe5 Qa3+ 46. Kf4 Qc1+ 47. Kg4 Qxc4 48. Kh5 Qg8 49. Nd6+ Kd8 50. Qf6+ Kc7 51.
Nf5+ Kb6 52. Nh6 Qd5 53. Qf2+ Ka6 54. Qf1+ b5 55. Qa1+ Kb6 56. Ng4 a5 57. Kh4
Qe4 58. Kg5 Rd5 59. Qg1+ c5 60. Qh2 b4 61. Qh8 Kb5 62. Qb8+ Kc4 63. Qc7 a4 64.
Qf7 Kb3 65. Qe6 c4 66. Kf6 a3 67. Ne3 Qxe5+ 68. Qxe5 Rxe5 0-1

[Event "SV Bochum-Linden 1 - SV Recklinghausen-"]
[Site "Verbandsliga - Gr. 2 2019/202"]
[Date "2020.03.01"]
[Round "7.4"]
[White "Schmidt, Ralph"]
[Black "Callenberg, Ralf"]
[Result "0-1"]
[WhiteElo "1884"]
[BlackElo "1982"]
[PlyCount "64"]
[EventDate "2020.??.??"]
[WhiteTeam "SV Bochum-Linden 1"]
[BlackTeam "SV Recklinghausen-Süd 1"]

1. e4 c5 2. Nc3 Nc6 3. d3 g6 4. Be3 d6 5. d4 cxd4 6. Bxd4 Nf6 7. Bxf6 exf6 8.
Nf3 Bg7 9. Bb5 O-O 10. O-O a6 11. Bc4 f5 12. exf5 Bxf5 13. Nd5 b5 14. Bb3 Rc8
15. c3 Be6 16. Qd2 Na5 17. Rfe1 Rc5 18. Nf6+ Bxf6 19. Bxe6 fxe6 20. Rxe6 Nc4
21. Qc2 Ne5 22. Nd4 Qd7 23. Rd1 Rc4 24. Qb3 Bg7 25. f4 Nf3+ 26. Nxf3 Qxe6 27.
Nd2 Qe3+ 28. Kh1 d5 29. Nxc4 dxc4 30. Qa3 Qxf4 31. Rg1 Be5 32. g3 Qe4+ 0-1

[Event "SV Bochum-Linden 1 - SV Recklinghausen-"]
[Site "Verbandsliga - Gr. 2 2019/202"]
[Date "2020.03.01"]
[Round "7.5"]
[White "Mecklenburg, Roland"]
[Black "Lindner-Emden, Carsten"]
[Result "1/2-1/2"]
[WhiteElo "1980"]
[BlackElo "1935"]
[PlyCount "83"]
[EventDate "2020.??.??"]
[WhiteTeam "SV Recklinghausen-Süd 1"]
[BlackTeam "SV Bochum-Linden 1"]

1. d4 Nf6 2. Bf4 d6 3. e3 c5 4. c3 cxd4 5. exd4 a6 6. Bc4 e6 7. Nd2 Be7 8. Ngf3
Nbd7 9. Qe2 b5 10. Bb3 Nb6 11. O-O O-O 12. Rfe1 h6 13. h3 Bb7 14. Nh2 Qd7 15.
Ng4 Nbd5 16. Bg3 Qc6 17. f3 Nh5 18. Bxd5 Nxg3 19. Bxc6 Nxe2+ 20. Rxe2 Bxc6 21.
Nf2 Rfc8 22. f4 g6 23. Ng4 Kg7 24. Ne3 Ra7 25. Kf2 a5 26. a3 Bf6 27. Ng4 Bd8
28. Nh2 Bd5 29. Nhf1 Rb7 30. Ne3 Bc6 31. Nc2 Be7 32. Rae1 d5 33. Nf3 b4 34.
axb4 axb4 35. Nxb4 Bxb4 36. cxb4 Be8 37. Ra1 Rc4 38. Ra8 Bb5 39. Rd2 Rxb4 40.
Ne5 f6 41. Nf3 Bc4 42. Re8 1/2-1/2

[Event "SV Bochum-Linden 1 - SV Recklinghausen-"]
[Site "Verbandsliga - Gr. 2 2019/202"]
[Date "2020.03.01"]
[Round "7.6"]
[White "Hochstein, Udo"]
[Black "Parado, Dominador"]
[Result "1/2-1/2"]
[WhiteElo "1888"]
[BlackElo "1885"]
[PlyCount "110"]
[EventDate "2020.??.??"]
[WhiteTeam "SV Bochum-Linden 1"]
[BlackTeam "SV Recklinghausen-Süd 1"]

1. d4 Nf6 2. c4 g6 3. Nc3 c5 4. d5 Bg7 5. e4 d6 6. f4 O-O 7. Nf3 b5 8. cxb5 e6
9. Bc4 a6 10. bxa6 exd5 11. Bxd5 Nxd5 12. Qxd5 Rxa6 13. O-O Be6 14. Qd3 Qb6 15.
Kh1 Nc6 16. Be3 Nb4 17. Qe2 Bxa2 18. Rfd1 Rfa8 19. Qf2 Bb3 20. Rxa6 Qxa6 21.
Rg1 Nd3 22. Qd2 Qc4 23. Rb1 Re8 24. f5 Bxc3 25. bxc3 Rxe4 26. fxg6 hxg6 27. Bg5
Re6 28. h4 Qd5 29. Rxb3 Qxb3 30. Qxd3 Qa4 31. c4 Qa1+ 32. Kh2 Qa8 33. Bf4 Qe4
34. Qxe4 Rxe4 35. Bxd6 Rxc4 36. Kg3 f6 37. Kf2 Kf7 38. Ke3 Ke6 39. Bf8 Rg4 40.
Bxc5 Rxg2 41. Bb6 Rb2 42. Nd4+ Kd5 43. Bd8 f5 44. Bf6 Rb6 45. Bg5 Rb8 46. Ne2
Re8+ 47. Kf3 Kc4 48. Nf4 Rg8 49. Nxg6 Rxg6 50. Kf4 Kd5 51. Kxf5 Ra6 52. h5 Ra1
53. h6 Rh1 54. Kg6 Ke6 55. h7 Rxh7 1/2-1/2

[Event "SV Bochum-Linden 1 - SV Recklinghausen-"]
[Site "Verbandsliga - Gr. 2 2019/202"]
[Date "2020.03.01"]
[Round "7.7"]
[White "Stahlhofen, Thomas"]
[Black "Pappert, Thomas"]
[Result "0-1"]
[WhiteElo "1832"]
[BlackElo "1807"]
[PlyCount "72"]
[EventDate "2020.??.??"]
[WhiteTeam "SV Recklinghausen-Süd 1"]
[BlackTeam "SV Bochum-Linden 1"]

1. e4 c5 2. Nf3 Nc6 3. d4 cxd4 4. Nxd4 e5 5. Nb5 d6 6. c4 f5 7. Bd3 f4 8. g3
fxg3 9. hxg3 Nf6 10. N1c3 a6 11. Na3 Nd4 12. Nd5 Be7 13. Nc2 Ne6 14. b4 Rb8 15.
Be3 O-O 16. g4 Nxd5 17. exd5 Ng5 18. Bxg5 Bxg5 19. Bxh7+ Kf7 20. Qd3 Qf6 21.
Bf5 e4 22. Qd4 Bxf5 23. gxf5 Qxf5 24. Rd1 Qf3 25. Rg1 Bf6 26. Qe3 Bc3+ 27. Rd2
Kg8 28. Nd4 Bxd2+ 29. Qxd2 Qf6 30. Qe3 Rbc8 31. Rg4 Rxc4 32. Rxe4 Rxb4 33. f4
Qh4+ 34. Kd2 Qh2+ 35. Kd3 Qxa2 36. Qc1 Qxd5 0-1

[Event "SV Bochum-Linden 1 - SV Recklinghausen-"]
[Site "Verbandsliga - Gr. 2 2019/202"]
[Date "2020.03.01"]
[Round "7.8"]
[White "Artz, Klaus"]
[Black "Becker, Christian"]
[Result "1-0"]
[WhiteElo "1802"]
[BlackElo "1846"]
[Annotator "Daniel"]
[PlyCount "117"]
[EventDate "2020.??.??"]
[WhiteTeam "SV Bochum-Linden 1"]
[BlackTeam "SV Recklinghausen-Süd 1"]

1. c4 Nf6 2. Nf3 d6 3. d4 c6 4. Nc3 g6 5. e4 Bg7 6. Be2 O-O 7. O-O Na6 8. h3
Nd7 9. Be3 c5 10. Qd2 Nc7 11. Rfd1 cxd4 12. Nxd4 Nc5 13. Bh6 N7e6 14. Bxg7 Kxg7
15. b4 Na6 16. a3 Kg8 17. Qh6 Qe8 18. g4 Nac7 19. Kh2 f6 20. f4 Qf7 21. Nxe6
Nxe6 22. f5 Nc7 23. Qf4 g5 24. Qg3 Ne8 25. Rac1 b6 26. Nd5 Ba6 27. Bf3 Kh8 28.
Rc3 Rc8 29. Rdc1 Bb7 30. Ne3 e5 31. Kg2 Kg7 32. h4 h6 33. Rh1 Rh8 34. hxg5 hxg5
35. Rxh8 Kxh8 36. Rc1 Qg7 37. Kf2 Kg8 $11 38. Rh1 Rc7 39. Qh3 Rf7 40. Qg2 Kf8
41. Be2 Rc7 42. Bd3 Qg8 43. Qh3 Ba6 44. Nd5 Rf7 45. Qh6+ Qg7 46. Qh8+ Qg8 47.
Rh6 Bb7 48. Ne3 Rg7 49. Bc2 Qxh8 50. Rxh8+ Rg8 51. Rh7 Rg7 52. Rh6 Kg8 53. Ba4
Nc7 54. Rxf6 Bxe4 55. Rxd6 Kf8 56. Rd8+ Ke7 57. Rh8 Bd3 58. Rh6 Ne8 59. Re6+
1-0

[Event "SF Werden 2 - Matt in Dortmund"]
[Site "?"]
[Date "2020.03.01"]
[Round "7.1"]
[White "König, Christian"]
[Black "Bury, Tobias"]
[Result "1/2-1/2"]
[WhiteElo "2069"]
[BlackElo "1866"]
[PlyCount "70"]
[EventDate "2019.09.06"]
[EventType "simul"]
[EventRounds "2"]

1. e4 e5 2. Nf3 Nc6 3. Bb5 a6 4. Ba4 Nf6 5. O-O Be7 6. Re1 b5 7. Bb3 d6 8. c3
O-O 9. h3 Nb8 10. d4 Nbd7 11. Nbd2 Bb7 12. Bc2 c5 13. Nf1 cxd4 14. cxd4 exd4
15. Nxd4 Re8 16. Ng3 Bf8 17. Bf4 Nc5 18. f3 g6 19. Qd2 Nfd7 20. Rad1 Ne5 21.
Kh2 Qb6 22. b3 Ncd3 23. Bxd3 Qxd4 24. Bb1 Qxd2 25. Bxd2 a5 26. Rc1 b4 27. Rc7
Ba6 28. Be3 Rec8 29. Rec1 Rxc7 30. Rxc7 Bd3 31. Bxd3 Nxd3 32. Rc2 a4 33. Rd2
axb3 34. axb3 Nc5 35. Bxc5 dxc5 1/2-1/2

[Event "SF Werden 2 - Matt in Dortmund"]
[Site "?"]
[Date "2020.03.01"]
[Round "7.2"]
[White "Blank, Stephan"]
[Black "Schulenburg, Pit"]
[Result "1-0"]
[WhiteElo "1814"]
[BlackElo "2061"]
[PlyCount "85"]
[EventDate "2019.09.06"]
[EventType "simul"]
[EventRounds "2"]

1. e4 e6 2. d4 a6 3. Bd3 b5 4. Nf3 Bb7 5. O-O Nf6 6. Re1 c5 7. c3 Qc7 8. Nbd2
Nc6 9. Nf1 cxd4 10. cxd4 Nb4 11. Bb1 Rc8 12. a3 Nc2 13. Bxc2 Qxc2 14. Qxc2 Rxc2
15. Ne3 Rc8 16. e5 Nd5 17. Bd2 Be7 18. Nxd5 Bxd5 19. Re3 f6 20. Bc3 Kf7 21. Ne1
Rc4 22. Nd3 Rhc8 23. Rae1 Bxa3 24. exf6 gxf6 25. Nf4 Bd6 26. Nxd5 exd5 27. Rd3
Ra4 28. Kf1 Ra2 29. Rb1 b4 30. Bd2 Rc2 31. Bc1 a5 32. Rh3 Kg6 33. Rh6+ Kg7 34.
Rh5 Kf7 35. Rxd5 Ke6 36. Rh5 a4 37. d5+ Ke7 38. Rxh7+ Kd8 39. Rh3 Rxc1+ 40.
Rxc1 Rxb2 41. Rh8+ Ke7 42. Rh7+ Ke8 43. Rc8# 1-0

[Event "SF Werden 2 - Matt in Dortmund"]
[Site "?"]
[Date "2020.03.01"]
[Round "7.3"]
[White "Böhmfeldt, Bruno"]
[Black "Brixius, Dirk"]
[Result "1/2-1/2"]
[WhiteElo "2236"]
[BlackElo "1778"]
[PlyCount "99"]
[EventDate "2019.09.06"]
[EventType "simul"]
[EventRounds "2"]

1. d3 e5 2. g3 Bc5 3. e4 d6 4. Be3 Na6 5. Nc3 Be6 6. Bg2 c6 7. Qd2 Ne7 8. Nf3
Bxe3 9. Qxe3 Qb6 10. Qxb6 axb6 11. Ng5 Nb4 12. Nxe6 fxe6 13. Kd2 O-O 14. Rhf1
b5 15. Bh3 Rf6 16. a3 Na6 17. Bg4 Raf8 18. Nd1 g6 19. h4 Nc5 20. Bh3 h6 21. Ke2
Kg7 22. Ne3 h5 23. f3 d5 24. Nd1 dxe4 25. fxe4 Nc8 26. Rxf6 Rxf6 27. Nf2 Nd6
28. Bg2 Na4 29. Nd1 Kf7 30. b3 Nc5 31. Nf2 Ke7 32. d4 Nd7 33. Nd3 Nf7 34. c3
exd4 35. cxd4 e5 36. dxe5 Nfxe5 37. Nf4 Nc5 38. Rb1 Rd6 39. Ke3 Ncd3 40. Bf1
Ng4+ 41. Ke2 Nde5 42. Rd1 Rxd1 43. Kxd1 Ne3+ 44. Ke2 Nxf1 45. Kxf1 Kd6 46. Ke2
Kc5 47. Ne6+ Kd6 48. Nf4 Kc5 49. Ne6+ Kd6 50. Nf4 1/2-1/2

[Event "SF Werden 2 - Matt in Dortmund"]
[Site "?"]
[Date "2020.03.01"]
[Round "7"]
[White "Fork, Raphael"]
[Black "Akcapinar, Yavuz"]
[Result "1/2-1/2"]
[WhiteElo "1852"]
[BlackElo "1790"]
[PlyCount "36"]
[EventDate "2019.09.06"]
[EventType "simul"]
[EventRounds "2"]

1. e4 e6 2. d3 d5 3. Nd2 c5 4. g3 Nc6 5. Bg2 Nf6 6. Ngf3 Be7 7. O-O O-O 8. Re1
b5 9. a4 b4 10. b3 a5 11. Bb2 Ba6 12. Ne5 Nxe5 13. Bxe5 Rc8 14. Bxf6 Bxf6 15.
e5 Be7 16. f4 Qb6 17. Kh1 c4 18. dxc4 dxc4 1/2-1/2

[Event "SF Werden 2 - Matt in Dortmund"]
[Site "?"]
[Date "2020.03.01"]
[Round "7.6"]
[White "Eggebrecht, Stefan"]
[Black "Schmitz, Martin"]
[Result "1/2-1/2"]
[WhiteElo "1740"]
[BlackElo "1828"]
[PlyCount "22"]
[EventDate "2019.09.06"]
[EventType "simul"]
[EventRounds "2"]

1. e4 c5 2. Nf3 Nc6 3. d3 g6 4. g3 Bg7 5. Bg2 e6 6. O-O Nge7 7. c3 O-O 8. Be3
b6 9. d4 cxd4 10. Nxd4 Nxd4 11. Bxd4 Qc7 1/2-1/2

[Event "SF Werden 2 - Matt in Dortmund"]
[Site "?"]
[Date "2020.03.01"]
[Round "7.7"]
[White "Meinike, Thorsten"]
[Black "Mann, Gergely"]
[Result "1-0"]
[WhiteElo "1759"]
[BlackElo "1608"]
[PlyCount "65"]
[EventDate "2019.09.06"]
[EventType "simul"]
[EventRounds "2"]

1. d4 d5 2. c4 c6 3. Nf3 Nf6 4. Nc3 e6 5. e3 Nbd7 6. Bd3 dxc4 7. Bxc4 b5 8. Bd3
a6 9. O-O c5 10. b3 Bb7 11. Bb2 Bd6 12. Rc1 Qb8 13. h3 g5 14. dxc5 Bxc5 15. Ne4
Be7 16. Qc2 Rg8 17. Nxf6+ Bxf6 18. Bxh7 Rg7 19. Bd3 g4 20. hxg4 Rxg4 21. Be2
Bxb2 22. Qxb2 Rg8 23. Rfd1 Bd5 24. Ne1 Ne5 25. Qd4 Ng6 26. Bf3 Ne7 27. Bxd5
Nxd5 28. e4 Ne7 29. Qd7+ Kf8 30. Rc7 Qe8 31. Qxe8+ Rxe8 32. Rdd7 Rg6 33. Nd3
1-0

[Event "SF Werden 2 - Matt in Dortmund"]
[Site "?"]
[Date "2020.03.01"]
[Round "7.8"]
[White "Mann, Boldizsár"]
[Black "Litzenberg, David"]
[Result "1-0"]
[WhiteElo "1553"]
[BlackElo "1442"]
[PlyCount "51"]
[EventDate "2019.09.06"]
[EventType "simul"]
[EventRounds "2"]

1. d4 d5 2. Nf3 Nc6 3. e3 Nf6 4. b3 a6 5. Bb2 Bf5 6. a3 g6 7. c4 Bg7 8. Nbd2
Bg4 9. Be2 e6 10. O-O O-O 11. h3 Bxf3 12. Nxf3 Ne7 13. Qc2 Re8 14. Ne5 Rc8 15.
c5 Nd7 16. c6 Nxc6 17. Nxc6 bxc6 18. Bxa6 Rb8 19. b4 c5 20. bxc5 Nxc5 21. Qxc5
Rxb2 22. Bb5 Bf8 23. Qc6 Re7 24. a4 Qd6 25. a5 Qb4 26. a6 1-0

[Event "SV Günnigfeld 1 - SV Mülheim-Nord 4"]
[Site "Verbandsklasse - Gr. 1 2019/2"]
[Date "2020.03.01"]
[Round "7.2"]
[White "Markus, Peter"]
[Black "Grodotzki, Kenneth"]
[Result "1/2-1/2"]
[WhiteElo "1914"]
[BlackElo "1985"]
[PlyCount "42"]
[EventDate "2020.??.??"]
[WhiteTeam "SV Günnigfeld 1"]
[BlackTeam "SV Mülheim-Nord 4"]

1. e4 e6 2. f4 d5 3. e5 c5 4. c3 Nc6 5. Nf3 h5 6. Na3 Nh6 7. Nc2 d4 8. Bd3 Be7
9. O-O Qb6 10. Kh1 Bd7 11. Qe2 O-O-O 12. b3 h4 13. Na3 Nf5 14. Bxf5 exf5 15.
Nc4 Qa6 16. Bb2 Be6 17. cxd4 Bxc4 18. Qxc4 Qxc4 19. bxc4 Nxd4 20. Bxd4 cxd4 21.
d3 Rd7 1/2-1/2

[Event "SV Günnigfeld 1 - SV Mülheim-Nord 4"]
[Site "Verbandsklasse - Gr. 1 2019/2"]
[Date "2020.03.01"]
[Round "7.3"]
[White "Schmidt, Kevin"]
[Black "Radi, Guenter"]
[Result "1-0"]
[WhiteElo "1918"]
[BlackElo "1898"]
[PlyCount "123"]
[EventDate "2020.??.??"]
[WhiteTeam "SV Mülheim-Nord 4"]
[BlackTeam "SV Günnigfeld 1"]

1. e4 e5 2. Nf3 Nc6 3. Bc4 Be7 4. O-O Nf6 5. d3 O-O 6. Nbd2 d6 7. c3 Bg4 8. Re1
a6 9. Bb3 Kh8 10. Nf1 Ng8 11. Ng3 Qc8 12. h3 Be6 13. Bc2 f6 14. d4 Nd8 15. Be3
Nf7 16. d5 Bd7 17. c4 Nfh6 18. b4 b6 19. a4 f5 20. exf5 Nxf5 21. Nxf5 Bxf5 22.
Bxf5 Qxf5 23. a5 b5 24. cxb5 axb5 25. Rc1 Bd8 26. Qe2 Qd7 27. Rc6 Ne7 28. Qxb5
Nxc6 29. dxc6 Qc8 30. Qb7 Bf6 31. Nd2 Rb8 32. a6 Ra8 33. a7 h6 34. b5 Bg5 35.
Bxg5 hxg5 36. Qxc8 Rfxc8 37. Ra1 d5 38. Nb3 Kg8 39. Nc5 Kf7 40. Nd7 Ke7 41. b6
cxb6 42. Nxb6 Kd8 43. Nxa8 Rxa8 44. Ra5 d4 45. Rxe5 Rxa7 46. Rd5+ Kc8 47. Rxd4
Ra6 48. Rc4 Kc7 49. Rc5 Ra7 50. Kh2 Ra2 51. f3 Re2 52. Rxg5 Kxc6 53. Rxg7 Kd6
54. h4 Ke6 55. h5 Kf5 56. h6 Re6 57. g4+ Kf4 58. Rf7+ Kg5 59. h7 Rh6+ 60. Kg3
Kg6 61. Ra7 Rh1 62. f4 1-0